01047cam a22003135a 45000010005000000030006000050050017000110080041000280100017000690200015000860200018001010400023001190500017001420820008001591000020001672450082001872600035002693000046003045050007003505200155003575210018005125210018005306500041005486500037005896500022006266500024006486500028006727000033007006966FISKH20250826144324.0031031s2002    nyua   b      000 1 eng    a  2003273710  a0439351278  a9780439351270  aWIMcWIMdDLCbeng  aPZ7.G56777 G  a5571 aGoldish, Meish.14aThe garden on Green Street /cby Meish Goldish ; illustrated by Judy Jarrett.  aNew York :bScholastic,c2002.  a16 pages : bcolor illstrations ; c25 cm  aL
  aA neighborhood unites to create a community garden on an empty lot, then must fight to keep it when the owners of the lot want to build a parking lot.8 a520
bLexile
8 aL
bRaz-Plus
 0aCommunity gardensvJuvenile fiction. 0aSocial actionvJuvenile fiction. 1aGardensvFiction. 1aNeighborsvFiction. 1aSocial actionvFiction.1 aJarrett, Judy,eillustrator 